header

ANOVA and ANCOVA (Record no. 112828)

MARC details
000 -LEADER
fixed length control field 01304nam a2200337Ia 4500
100 1# - MAIN ENTRY--AUTHOR NAME
Personal name Rutherford, Andrew,
245 10 - TITLE STATEMENT
Title ANOVA and ANCOVA
250 ## - EDITION STATEMENT
Edition statement 2nd ed.
260 ## - PUBLICATION, DISTRIBUTION, ETC. (IMPRINT)
Place of publication Hoboken, NJ :
Name of publisher Wiley,
Year of publication c2011.
300 ## - PHYSICAL DESCRIPTION
Number of Pages xiii, 344 p. :
Other physical details ill.
650 #0 - SUBJECT ADDED ENTRY--TOPICAL TERM
Topical Term Analysis of variance.
Topical Term Analysis of covariance.
Topical Term Linear models (Statistics)
856 40 - ELECTRONIC LOCATION AND ACCESS
Uniform Resource Identifier http://site.ebrary.com/lib/rucke/Doc?id=10595380

No items available.

© 2026 Rongo University
Contact us: librarian | system librarian | Rongo university